| 000 | 00629nam a2200205Ia 4500 | ||
|---|---|---|---|
| 001 | dd32-43764 | ||
| 003 | IT-MiCISF | ||
| 008 | 161014s9999||||xx |||||||||||||| ||und|| | ||
| 040 |
_aIT-MiCISF _cIT-MiCISF |
||
| 041 | _ait | ||
| 100 | _aGarelli Franco (a cura di) | ||
| 245 | 0 |
_aGranda in jeans _bEssere giovani in provincia di Cuneo |
|
| 250 | _a1a ed. | ||
| 260 |
_a Fossano (CN) _bEditrice Esperienze _c2006 |
||
| 300 | _app. 9-223 | ||
| 500 | _a / aggregazione-giovanile, famiglia, scuola, adolescenza, lavoro, formazione, politica / documento | ||
| 650 | _aetà -evolutiva | ||
| 942 | _cBK | ||
| 957 | _71 | ||
| 999 |
_a43764 _bsi _g1 _c209313 _d209313 |
||